California Lighthouses - Statistics

General Stats
  • This quiz has been taken 8 times
  • The average score is 9 of 32
Answer Stats
Lighthouse % Correct
Alcatraz
83%
Los Angeles Harbor
83%
Point Reyes
67%
Battery Point
50%
Pigeon Point
50%
Point Arena
50%
Point Bonita
50%
Point Pinos
50%
Point Sur
50%
Point Fermin
33%
Point Loma
33%
Point Santa Cruz
33%
Trinidad Head
33%
Anacapa Island
17%
Ano Nuevo
17%
Cape Mendocino
17%
East Brother
17%
Lime Point
17%
Lions
17%
Point Conception
17%
Point Montara
17%
Point San Luis
17%
Point Vicente
17%
Port Hueneme
17%
Punta Gorda
17%
Santa Barbara
17%
St. George Reef
17%
Yerba Buena
17%
Marina District
0%
Piedras Blancas
0%
Table Bluff
0%
Walton
0%
No matching quizzes found
Score Distribution
Percent of People with Each Score
Percentile by Number Answered
Your Score History
You have not taken this quiz